Introduction to travel and tourism : an international approach
Αποθηκεύτηκε σε:
| Κύριος συγγραφέας: | |
|---|---|
| Μορφή: | Βιβλίο |
| Γλώσσα: | English |
| Δημοσίευση: |
New York :
Van Nostrand Reinhold,
c1989
|
| Θέματα: | |
| Ετικέτες: |
Προσθήκη ετικέτας
Δεν υπάρχουν, Καταχωρήστε ετικέτα πρώτοι!
|
MARC
| LEADER | 00000nam a2200000 i 4500 | ||
|---|---|---|---|
| 001 | 1/50682 | ||
| 008 | 970117s1989 eng d | ||
| 020 | |a 0-442-20652-6 | ||
| 035 | |l 10027045 | ||
| 040 | |a GR-MY-UA |b gre |e aacr | ||
| 041 | 0 | |a eng | |
| 082 | 0 | |a 338.4791 | |
| 100 | 1 | |a Coltman, Michael M. |d 1930- | |
| 245 | 1 | 0 | |a Introduction to travel and tourism : |b an international approach / |c M.M.Coltman |
| 260 | |a New York : |b Van Nostrand Reinhold, |c c1989 | ||
| 300 | |a 370 p. | ||
| 500 | |a Includes bibliography and index | ||
| 650 | 0 | 0 | |a Tourism. |
| 650 | 0 | 0 | |a Travel. |
| 852 | |a INST |b CHIOS |e 19970117 |h 338.4791 COL |p 005200010860 |q 005200010860 |t BK |y 0 | ||
| 909 | |a Χ |b 049009 | ||